=LDR 00000nam 2200000 4500 =001 INLIS000000000028922 =005 20130612131207 =008 ***********************************Ind** =035 ##$$0010-061300000028922 =041 ##$$a Ind =082 ##$$a 419.598 2 =090 ##$$a 419.598 2, Yuw s =100 ##$$a Yuwono, Y.A =245 ##$$a Sapala basa jawa, Y.A Yuwono =260 ##$$a 2005 $b Surabaya =300 ##$$a 128 hlm, 21 cm =650 ##$$a Bahasa Daerah-Jawa =850 ##$$a NBPNMAT